Catálogo
Digital

Catálogo
Digital

Codesarrollo en los andes contextos y actores para una acción transnacional (Record no. 14087)

MARC details
000 -CABECERA
campo de control de longitud fija 01379nam a2200301 4500
003 - IDENTIFICADOR DEL NÚMERO DE CONTROL
campo de control EC-UNACH
005 - FECHA Y HORA DE LA ÚLTIMA TRANSACCIÓN
campo de control 20251027105410.0
006 - CÓDIGOS DE INFORMACIÓN DE LONGITUD FIJA--CARACTERÍSTICAS DEL MATERIAL ADICIONAL
campo de control de longitud fija s||||gr|||| 00| 00
008 - DATOS DE LONGITUD FIJA--INFORMACIÓN GENERAL
campo de control de longitud fija 150116t9999 mx r gr 000 0 spa d
020 ## - NÚMERO INTERNACIONAL ESTÁNDAR DEL LIBRO
Número Internacional Estándar del Libro 978-9978-67-192-4
040 ## - FUENTE DE LA CATALOGACIÓN
Centro catalogador/agencia de origen EC-UNACH
Centro/agencia transcriptor EC-UNACH
041 ## - CÓDIGO DE LENGUA
Código de lengua del texto/banda sonora o título independiente spa
082 04 - NÚMERO DE LA CLASIFICACIÓN DECIMAL DEWEY
Número de edición 23
Número de clasificación 342
Número de documento/Ítem L017891
110 ## - ENTRADA PRINCIPAL--NOMBRE DE ENTIDAD CORPORATIVA
Nombre de entidad corporativa o nombre de jurisdicción como elemento de entrada Crearimagen
245 ## - MENCIÓN DE TÍTULO
Título Codesarrollo en los andes contextos y actores para una acción transnacional
250 ## - MENCIÓN DE EDICIÓN
Mención de edición Primera edicción
264 ## - Producción, publicación, distribución, fabricación y copyright
Lugar de producción, publicación, distribución, fabricación España
Nombre del de productor, editor, distribuidor, fabricante Crearimagen
Fecha de de producción, publicación, distribución, fabricación o copyright 2009
300 ## - DESCRIPCIÓN FÍSICA
Extensión 179
505 ## - NOTA DE CONTENIDO CON FORMATO
Nota de contenido con formato - La migración y el codesarrollo campos sociales de acción transnacional - Viviendo atreves del mundo : diáspora desarrollo y compromiso transnacional - La cooperación al desarrollo en busca de identidad - Fantasmas y potencias del desarrollo - La migración ecuatoriana en el desarrollo elementos para una transnacional estatal - Construyendo codesarrollo en los andes peruanos experiencia piloto Junín Global - Los actores del codesarrollo: el caso español - El codesarrollo como proceso : experiencias practicas en Catalunya (España)
650 ## - PUNTO DE ACCESO ADICIONAL DE MATERIA--TÉRMINO DE MATERIA
Término de materia o nombre geográfico como elemento inicial La migración
650 ## - PUNTO DE ACCESO ADICIONAL DE MATERIA--TÉRMINO DE MATERIA
Término de materia o nombre geográfico como elemento inicial Identidad
650 ## - PUNTO DE ACCESO ADICIONAL DE MATERIA--TÉRMINO DE MATERIA
Término de materia o nombre geográfico como elemento inicial Transnacional estatal
700 ## - PUNTO DE ACCESO ADICIONAL--NOMBRE DE PERSONA
Nombre de persona Almudena Cortes y Alicia Torres
942 ## - ELEMENTOS DE PUNTO DE ACCESO ADICIONAL (KOHA)
Fuente del sistema de clasificación o colocación Clasificación Decimal Dewey
Tipo de ítem Koha Libros
999 ## - NÚMEROS DE CONTROL DE SISTEMA (KOHA)
Koha biblionumber 14087
Holdings
Estado de pérdida Fuente del sistema de clasificación o colocación Estado dañado No para préstamo Localización permanente Ubicación/localización actual Ubicación en estantería Fuente de adquisición Número de inventario Total de préstamos Signatura topográfica completa Código de barras Tipo de ítem Koha Estado de retiro Centro de costos
  Clasificación Decimal Dewey     Biblioteca Campus Norte Biblioteca Campus Norte Facultad de Ciencias Políticas y Administrativas - Generalidades Transitoria segunda Resolución N°0311-CU-UNACH-SE-ORD-16-09-24 39933135   342 COR L017891 L017891 Libros    

Powered by Koha